|
|
|
|
| LEADER |
01642nam a22002777a 4500 |
| 001 |
36971 |
| 003 |
BD-DhAAL |
| 005 |
20251102113130.0 |
| 008 |
200203t2020 bg ||||| |||| 00| 0 ben d |
| 040 |
|
|
|a BD-DhAAL
|c BD-DhAAL
|
| 041 |
|
|
|a ben
|
| 082 |
|
|
|a 891.44
|2 23
|
| 245 |
|
|
|a বাংলা ভাষা ও সাহিত্য :
|n BNG 103 /
|c ব্র্যাক ইনস্টিটিউট অব ল্যাঙ্গুয়েজ, ব্র্যাক ইউনিভার্সিটি.
|
| 250 |
|
|
|a পঞ্চম সংস্করণ.
|
| 260 |
|
|
|a ঢাকা :
|b ব্র্যাক ইনস্টিটিউট অব ল্যাঙ্গুয়েজ, ব্র্যাক ইউনিভার্সিটি,
|c ২০২০.
|
| 300 |
|
|
|a ১৪৪ পৃষ্ঠা ;
|b ২২ সে.মি.
|
| 524 |
|
|
|a AAL
|
| 541 |
|
|
|a Complimentary copy from BIL
|e 36971, 36972
|
| 650 |
|
|
|a Bengali literature.
|9 39181
|
| 650 |
|
|
|a Bengali language.
|
| 710 |
|
|
|a ব্র্যাক ইনস্টিটিউট অব ল্যাঙ্গুয়েজ,
|b ব্র্যাক ইউনিভার্সিটি
|9 39182
|
| 852 |
|
|
|a Ayesha Abed Library
|c General Stacks
|
| 942 |
|
|
|2 ddc
|c BK
|
| 999 |
|
|
|c 42191
|d 42191
|
| 952 |
|
|
|0 0
|1 0
|2 ddc
|4 0
|6 891_440000000000000_BAN
|7 0
|9 67799
|a BRACUL
|b BRACUL
|c GEN
|d 2020-02-03
|e Complimentary copy from BIL
|l 3
|m 14
|o 891.44 BAN
|p 3010036971
|r 2025-11-02
|s 2025-11-02
|t 1
|w 2020-02-03
|y BK
|
| 952 |
|
|
|0 0
|1 0
|2 ddc
|4 0
|6 891_440000000000000_BAN
|7 0
|9 67800
|a BRACUL
|b BRACUL
|c GEN
|d 2020-02-03
|e Complimentary copy from BIL
|l 2
|m 7
|o 891.44 BAN
|p 3010036972
|r 2022-09-14
|s 2022-09-11
|t 2
|w 2020-02-04
|y BK
|